000 00822cam a2200205 4500
001 WB3813-10
008 020410n2002 000 0 eng u
035 _a(Sirsi) u117430
245 _aCommunity renewables initiative
260 _c2002
490 _aCountryside Focus
_v April/May 2002, 1(1)
520 _aWays of making greater use of renewable energy in rural areas form the crux of the Countryside Agency's "Community Renewables Initiative" which will be able to draw on government funding. Details can be found at http//www.countryside.gov.uk/communityrenewables/
590 _aWB
650 _aRENEWABLE ENERGY
650 _aCOUNTRYSIDE AGENCY
650 _aGOVERNMENT FUNDING
650 _aRural
_96268
690 _aENVIRONMENTAL AND LAND CONSULTANCY-ENERGY
942 _n0
999 _c69957
_d69957